Рассказы азербайджанских писателей (Запись № 8691453)

Подробности
000 -МАРКЕР
контрольное поле 03224nam0a22003971 4500
001 - ИДЕНТИФИКАТОР ЗАПИСИ
контрольное поле rc\4205654
005 - ИДЕНТИФИКАТОР ВЕРСИИ
контрольное поле 20250611013115.0
021 ## - НОМЕР ГОСУДАРСТВЕННОЙ РЕГИСТРАЦИИ
Код страны Российская Федерация
Номер [50-40462]
035 ## - ДРУГИЕ СИСТЕМНЫЕ НОМЕРА
Идентификатор записи (NLR Aleph) 008009532
100 ## - ДАННЫЕ ОБЩЕЙ ОБРАБОТКИ
Данные общей обработки 20130415d1950 |||y0rusy50 ca
101 0# - ЯЗЫК РЕСУРСА
Язык текста, звукозаписи и т.д. русский
102 ## - СТРАНА ПУБЛИКАЦИИ ИЛИ ПРОИЗВОДСТВА
Страна публикации Российская Федерация
105 ## - ПОЛЕ КОДИРОВАННЫХ ДАННЫХ: ТЕКСТОВЫЕ МАТЕРИАЛЫ, МОНОГРАФИЧЕСКИЕ
Кодированные данные о монографическом текстовом документе y z |||a|
200 1# - ЗАГЛАВИЕ И СВЕДЕНИЯ ОБ ОТВЕТСТВЕННОСТИ
Основное заглавие Рассказы азербайджанских писателей
Первые сведения об ответственности [Ред. П. Лукницкий]
210 ## - ПУБЛИКАЦИЯ, РАСПРОСТРАНЕНИЕ И ДР.
Место издания, распространения и т.д. Баку
Имя издателя, распространителя и т. д. Азерб. изд-во дет. и юнош. лит.
Дата издания, распространения и т.д. 1950
Имя изготовителя Тип. "Кр. восток"
215 ## - ФИЗИЧЕСКАЯ ХАРАКТЕРИСТИКА
Специфическое обозначение материала и объем 318 с.
Размеры 20
225 1# - СЕРИЯ
Основное заглавие серии Декада азербайджанской литературы
327 1# - ПРИМЕЧАНИЯ О СОДЕРЖАНИИ
Текст примечания Содерж.: У Кирова / М.Д. Пашаев. В открытом море / А. Аскеров. Кара / Г. Мусаев. Метель / Г. Мусаев. Леса шумят / Ю. Ширван. Живая карта / М. Ализаде. Наши девушки / И. Гусейнов. Волкодав / М. Рзакулизаде. Последний знаменосец / Г. Алиоглу. Мастер Зейнал / Д. Мамедкулизаде. Конституция в Иране / Д. Мамедкулизаде. Бомба / А. Ахвердов. На горе высокой / А. Ахвердов. Нурэддин / С.С. Ахундов
464 #0 - АНАЛИТИЧЕСКИЙ УРОВЕНЬ
Встроенное поле 2001#$aПоследний знаменосец$fГ. Алиоглу
-- 700#1$aАлиоглу$bГ.
Заглавие Последний знаменосец
Автор Алиоглу, Г.
464 #0 - АНАЛИТИЧЕСКИЙ УРОВЕНЬ
Встроенное поле 2001#$aВолкодав$fМ. Рзакулизаде
-- 700#1$aРзакулизаде$bМ.
Заглавие Волкодав
Автор Рзакулизаде, М.
464 #0 - АНАЛИТИЧЕСКИЙ УРОВЕНЬ
Встроенное поле 2001#$aНаши девушки$fИ. Гусейнов
-- 700#1$aГусейнов$bИ.
Заглавие Наши девушки
Автор Гусейнов, И.
464 #0 - АНАЛИТИЧЕСКИЙ УРОВЕНЬ
Встроенное поле 2001#$aНурэддин$fС.С. Ахундов
-- 700#1$aАхундов$bС.С.
Заглавие Нурэддин
Автор Ахундов, С.С.
464 #0 - АНАЛИТИЧЕСКИЙ УРОВЕНЬ
Встроенное поле 2001#$aБомба$aНа горе высокой$fА. Ахвердов
-- 700#1$aАхвердов$bА.
Заглавие На горе высокой
Автор Ахвердов, А.
464 #0 - АНАЛИТИЧЕСКИЙ УРОВЕНЬ
Встроенное поле 2001#$aМастер Зейнал$aКонституция в Иране$fД. Мамедкулизаде
-- 700#1$aМамедкулизаде$bД.
Заглавие Конституция в Иране
Автор Мамедкулизаде, Д.
464 #0 - АНАЛИТИЧЕСКИЙ УРОВЕНЬ
Встроенное поле 2001#$aВ открытом море$fА. Аскеров
-- 700#1$aАскеров$bА.
Заглавие В открытом море
Автор Аскеров, А.
464 #0 - АНАЛИТИЧЕСКИЙ УРОВЕНЬ
Встроенное поле 2001#$aУ Кирова$fМ.Д. Пашаев
-- 700#1$aПашаев$bМ.Д.
Заглавие У Кирова
Автор Пашаев, М.Д.
464 #0 - АНАЛИТИЧЕСКИЙ УРОВЕНЬ
Встроенное поле 2001#$aКара$aМетель$fГ. Мусаев
-- 700#1$aМусаев$bГ.
Заглавие Метель
Автор Мусаев, Г.
464 #0 - АНАЛИТИЧЕСКИЙ УРОВЕНЬ
Встроенное поле 2001#$aЖивая карта$fМ. Ализаде
-- 700#1$aАлизаде$bМ.
Заглавие Живая карта
Автор Ализаде, М.
464 #0 - АНАЛИТИЧЕСКИЙ УРОВЕНЬ
Встроенное поле 2001#$aЛеса шумят$fЮ. Ширван
-- 700#1$aШирван$bЮ.
Заглавие Леса шумят
Автор Ширван, Ю.
702 #1 - ИМЯ ЛИЦА - ВТОРИЧНАЯ ОТВЕТСТВЕННОСТЬ
Начальный элемент ввода Лукницкий
Часть имени, кроме начального элемента ввода П.Н.
Расширение инициалов личного имени Павел Николаевич
Код отношения Редактор
801 #0 - ИСТОЧНИК ЗАПИСИ
Страна Российская Федерация
Организация NLR
Правила каталогизации psbo
801 #1 - ИСТОЧНИК ЗАПИСИ
Страна Российская Федерация
Организация ELAR
Источник данных rusmarc
852 ## - МЕСТОНАХОЖДЕНИЕ И ШИФР ХРАНЕНИЯ
Идентификатор организации NLR
Шифр хранения (Call Number) Дл02 Г-3/911
942 ## - ДОПОЛНИТЕЛЬНЫЕ ЭЛЕМЕНТЫ ЗАПИСИ (АБИС)
Тип экземпляра АБИС Книга
980 ## - КОЛЛЕКЦИЯ
Название коллекции Национальная библиография
Экземпляры
Тип экземпляра Дата поступления Библиотека постоянного хранения Библиотека текущего хранения Место хранения Шифр хранения Штрих-код Статус экземпляра
Книга 26.10.2013 РНБ (Садовая) РНБ (Садовая) Русский книжный фонд -Главное здание, Ленинский читальный зал Дл02 Г-3/911 8009532-10